<?xml version="1.0" encoding="UTF-8"?>
<collection xmlns="http://www.loc.gov/MARC21/slim">
 <record>
  <leader>01047nam a2200229   4500</leader>
  <controlfield tag="001">000003982</controlfield>
  <controlfield tag="003">110</controlfield>
  <controlfield tag="005">20150812140853.0</controlfield>
  <controlfield tag="008">110713s                               sd</controlfield>
  <datafield tag="100" ind1="0" ind2=" ">
   <subfield code="a">Lê Trí Viễn</subfield>
  </datafield>
  <datafield tag="245" ind1="0" ind2="0">
   <subfield code="a">Lịch sử văn học Việt Nam</subfield>
   <subfield code="c">Lê Trí Viễn</subfield>
  </datafield>
  <datafield tag="774" ind1=" " ind2=" ">
   <subfield code="a">Lê Trí Viễn</subfield>
   <subfield code="b">In lần 5 có sửa chữa</subfield>
   <subfield code="d">Giaó dục</subfield>
   <subfield code="d">H.</subfield>
   <subfield code="d">1978</subfield>
   <subfield code="g">Tập 4A</subfield>
   <subfield code="h">200 tr.</subfield>
   <subfield code="t">Văn học viết. Thời kỳ II, giai đoạn I: 1858-đầu thế kỷ XX</subfield>
   <subfield code="w">114</subfield>
  </datafield>
  <datafield tag="774" ind1=" " ind2=" ">
   <subfield code="a">Lê Trí Viễn</subfield>
   <subfield code="b">In lần 5 có sửa chữa</subfield>
   <subfield code="d">Giaó dục</subfield>
   <subfield code="d">H.</subfield>
   <subfield code="d">1978</subfield>
   <subfield code="g">Tập 4A</subfield>
   <subfield code="h">137 tr.</subfield>
   <subfield code="n">Sách đại học sư phạm</subfield>
   <subfield code="t">Văn học viết: Thời kỳ 2. Giai đoạn 2: Đầu thế kỷ XX-1930</subfield>
   <subfield code="w">115</subfield>
  </datafield>
  <datafield tag="774" ind1=" " ind2=" ">
   <subfield code="a">Huỳnh Lý</subfield>
   <subfield code="b">In lần 5 có sửa chữa</subfield>
   <subfield code="d">Giaó dục</subfield>
   <subfield code="d">H.</subfield>
   <subfield code="d">1978</subfield>
   <subfield code="g">Tập V</subfield>
   <subfield code="h">232 tr.</subfield>
   <subfield code="n">Sách đại học sư phạm</subfield>
   <subfield code="t">1930-1945. Phần 2</subfield>
   <subfield code="w">117</subfield>
  </datafield>
  <datafield tag="OWN" ind1=" " ind2=" ">
   <subfield code="a">LSP</subfield>
  </datafield>
  <datafield tag="999" ind1=" " ind2=" ">
   <subfield code="a">From the UDN01</subfield>
  </datafield>
  <datafield tag="TYP" ind1=" " ind2=" ">
   <subfield code="a">Monograph</subfield>
  </datafield>
  <datafield tag="TYP" ind1=" " ind2=" ">
   <subfield code="a">Printed language</subfield>
  </datafield>
  <datafield tag="980" ind1=" " ind2=" ">
   <subfield code="a">Mạng thư viện Đại học Đà Nẵng</subfield>
  </datafield>
 </record>
</collection>
